LEADER 00916nam0-22002891i-450- 001 990004061120403321 005 20160523150105.0 010 $a88-8118-103-7 035 $a000406112 035 $aFED01000406112 035 $a(Aleph)000406112FED01 035 $a000406112 100 $a19990604d1996----km-y0itay50------ba 101 0 $aita 105 $aa---b---00--- 200 1 $aGiambattista Tiepolo$e1696-1996$e[catalogo della mostra, Venezia, Museo del Settecento veneziano Ca' Rezzonico, 6 settembre - 8 dicembre 1996 ; New York, The Metropolitan Museum of Art, 24 gennaio 210 $aMilano$cSkira$dc1996. 215 $a398 p.$cill.$d31 cm 300 $aIn custodia 610 0 $aTiepolo, Giambattista$aEsposizioni$a1996 676 $a759.531 801 0$aIT$bUNINA$gRICA$2UNIMARC 901 $aBK 912 $a990004061120403321 952 $aC 736$bBibl.20381$fFLFBC 959 $aFLFBC 997 $aUNINA LEADER 01173nam0-22002891i-450- 001 990006251380403321 005 19980601 035 $a000625138 035 $aFED01000625138 035 $a(Aleph)000625138FED01 035 $a000625138 100 $a19980601d1941----km-y0itay50------ba 105 $a--------00-yy 200 1 $aPer l'inaugurazione della nuova sede della Reale Accademia presente la Eccellenza il prof. Riccardo Del Giudice sottosegretario alla Educazione Nazionale$fdiscorsi di R. Balli e Riccardo DelGiudice. 210 $aModena$cSoc. Tip. Modenese$d1941 215 $a10 p.$d24 cm 463 $d$1200$a"Atti e Memorie della R. Accademia di Scienze, Lettere ed Arti di Modena", Serie V, Volume V 676 $a808.85 710 0 $aREALE ACCADEMIA DI SCIENZE, LETTERE ED ARTI MODENA$0406845 801 0$aIT$bUNINA$gRICA$2UNIMARC 901 $aBK 912 $a990006251380403321 952 $aB.SOL.BUS. A 210$b64375$fFGBC 959 $aFGBC 996 $aPer l'inaugurazione della nuova sede della Reale Accademia presente la Eccellenza il prof. Riccardo Del Giudice sottosegretario alla Educazione Nazionale$9639290 997 $aUNINA DB $aGIU01 LEADER 01034nam0-22003251i-450- 001 990006546300403321 005 20001010 035 $a000654630 035 $aFED01000654630 035 $a(Aleph)000654630FED01 035 $a000654630 100 $a20001010d--------km-y0itay50------ba 101 0 $aita 105 $ay-------001yy 200 1 $aGuida alla comunicazione interpersonale e di gruppo ad uso di dirigenti, quadri intermedi, venditori..$fDario Truini 205 $a6. ed. 210 $aMilano$cF. Angeli$d1992. 215 $a191 p.$d22 cm 225 1 $aFormazione permanente$hSez. 1$iProblemi d'oggi$v21 610 0 $aComunicazione 676 $a153.6 700 1$aTruini,$bDario$0246021 801 0$aIT$bUNINA$gRICA$2UNIMARC 901 $aBK 912 $a990006546300403321 952 $aCOLLEZ. 310 (21)$b17410$fFSPBC 959 $aFSPBC 996 $aGuida alla comunicazione interpersonale e di gruppo ad uso di dirigenti, quadri intermedi, venditori.$9619001 997 $aUNINA DB $aGEN01